| 000 | 00425nam a2200169 i 4500 | ||
|---|---|---|---|
| 001 | bg | ||
| 100 | 1 | _aSMITH, G. D. | |
| 245 | 0 |
_aNumerical Solution of Partial Differential Eguations / _cG. D. Smith. |
|
| 260 |
_aOxford : _bClarendon Press, _c1978. |
||
| 020 | _a0198596251 | ||
| 040 | _cBPK | ||
| 041 | _apol | ||
| 080 | _a519.6 | ||
| 920 | _a0-19-859625-1 | ||
| 942 | _cKS | ||
| 008 | s pl f |000 0 pol | ||
| 999 |
_c19675 _d19675 |
||
| 856 |
_uhttp://koha.tu.koszalin.pl/cgi-bin/koha/opac-detail.pl?biblionumber=19675 _yKatalog online BPK |
||